| 000 | 00357nam a2200145Ia 4500 | ||
|---|---|---|---|
| 008 | 220923s9999 xx 000 0 und d | ||
| 020 | _a9788180361157 | ||
| 082 | _bSRI | ||
| 100 | _aSRIDHAR, MODABHUSHI | ||
| 245 | 0 | _aALTERNATIVE DISPUTE RESOLUTION NEGOTIATION AND MEDIATION | |
| 260 | _c2013 | ||
| 300 | _a404 | ||
| 650 | _aDispute Law | ||
| 942 | _cBK | ||
| 999 |
_c195503 _d195503 |
||